000
00314nam a2200133Ia 4500
005
20251222141845.0
008
251222s9999||||xx |||||||||||||| ||spa||
020
_a
9972-709-37-X
082
_a
869.56/C78C
100
_a
Corcuera, Arturo
245
0
_a
Canto y Gemido de la Tierra
264
_b
Nocedal
942
_c
LIB
999
_c
7563
_d
7563